000 00915nam a2200253 a 4500
001 000015414
005 20200929164032.0
008 100208s2003 dr a 000 0 spa d
020 _z999349141
040 _aDO-SdBNP
_bspa
_cBNPHU
082 _a615.321
_bR696f
100 1 _aRodríguez Martínez, Nelson Rafael
_934805
245 1 0 _aFitoterapia :
_bmanual de herbología /
_cNelson Rafael, Rodríguez Martínez.
260 _aSantiago de los Caballeros, República Dominicana :
_bTeófilo,
_c2003.
300 _a201 p. :
_bil. ;
_c21 cm.
490 1 _aPlantas medicinales
_v18
500 _aIncluye referencias bibliográficas y notas al pie de las páginas
504 _aBibliografía : p. 201
590 _aInventariado, 2018/LP
650 4 _aPlantas medicinales
_921554
650 4 _aMedicina tradicional
_91919
830 0 _aPlantas medicinales ;
_n18
_934806
910 _aValidado. Control de calidad MFF
999 _c14973
_d14973